• 首页
  • 本馆介绍
  • 公告通知
  • 最新文献
  • 馆藏检索
  • 电子资源
  • 读者导购
  • 参考咨询
  • 我的图书馆
  • 登录
  • 详细信息显示
  • 放入我的书架
  • 预约/预借图书
  • 作者相关作品
  • 分类相关作品
  • 丛书相关作品
  • 出版社相关作品

书目信息

  • 表格格式
  • 工作单格式
  • 卡片格式
题名:
秦淮十里扬媚香——李香君
    
 
作者: 赵梓伊 著
分册:  
出版信息: 北京   金城出版社  2014
页数: 233页
开本: 21cm
丛书名:
单 册:
中图分类: K828.5=49
科图分类:
主题词: 传记文学--Chuan Ji Wen Xue--中国--当代
电子资源:
ISBN: 978-7-5155-1084-2
000 01003nam0 22002651 450
001 349543
005 20161010154534.46
010    @a978-7-5155-1084-2@dCNY29.80
100    @a20140916d2014 em y0chiy50 ea
101 0  @achi
102    @aCN@b110000
105    @ay z 000zd
106    @ar
200 1  @a秦淮十里扬媚香——李香君@AQin Huai Shi Li Yang Mei Xiang Li Xiang Jun@f赵梓伊著
210    @a北京@c金城出版社@d2014
215    @a233页@d21cm
300    @a秦淮八艳
300    @a博中阳·人物传记
330    @a本书记录了她坎坷而不同反响的生平:从她父亲的遇害而被迫送入青楼活命开始,到她成为了媚香楼的花魁,再到遇见了侯方域展开了她为其一生的爱情。读者可从李香君的一段段遭遇中,体会到追求爱情的崇高境界和刻骨铭心,从故事中获得来自心灵的呐喊。
600  0 @a李香君@ALi Xiang Jun@x生平事迹
606 0  @a传记文学@AChuan Ji Wen Xue@y中国@z当代
690    @aK828.5=49@v5
701  0 @a赵梓伊@AZhao Zi Yi@c(自由撰稿人)@4著
801  0 @aCN@bTANGWEI@20160730
905    @b0885540-4@dK828.5=49@e55ZZ@f5
    
    秦淮十里扬媚香——李香君/赵梓伊著 .-北京:金城出版社,2014
    233页;21cm
    秦淮八艳.-博中阳·人物传记
    
    ISBN 978-7-5155-1084-2:CNY29.80
    本书记录了她坎坷而不同反响的生平:从她父亲的遇害而被迫送入青楼活命开始,到她成为了媚香楼的花魁,再到遇见了侯方域展开了她为其一生的爱情。读者可从李香君的一段段遭遇中,体会到追求爱情的崇高境界和刻骨铭心,从故事中获得来自心灵的呐喊。
●
相关链接 在E读中查询图书 在五车中查询图书 在当当中查询图书 在豆瓣中查询图书


正题名:秦淮十里扬媚香——李香君     索取号:K828.5=49/55ZZ         预约/预借

序号 登录号 条形码 馆藏地/架位号 状态 备注
1 0885540   208855407   第二样本阅览室/ [索取号:K828.5=49/55ZZ] 在馆    
2 0885541   208855416   第二借阅区/ [索取号:K828.5=49/55ZZ] 在馆    
3 0885542   208855425   第二借阅区/ [索取号:K828.5=49/55ZZ] 在馆    
4 0885543   208855434   第二借阅区/ [索取号:K828.5=49/55ZZ] 在馆    
5 0885544   208855443   密集书库-史法系/ [索取号:K828.5=49/55ZZ] 在馆    
唐山师范学院图书馆 欢迎您!
大连网信软件有限公司© 版权所有